100 Largest Cities in India - Statistics

General Stats
  • This quiz has been taken 727 times
  • The average score is 44 of 100
Answer Stats
Rank Population State City % Correct
1 12.442.373 Maharashtra Mumbai
99%
2 11.034.555 Delhi Delhi
98%
7 4.496.694 West Bengal Kolkata
96%
6 4.646.732 Tamil Nadu Chennai
95%
4 6.731.790 Telangana Hyderabad
94%
5 5.577.940 Gujarat Ahmedabad
90%
9 3.124.458 Maharashtra Pune
90%
10 3.046.163 Rajasthan Jaipur
88%
11 2.817.105 Uttar Pradesh Lucknow
86%
8 4.467.797 Gujarat Surat
84%
3 8.443.675 Karnataka Bengaluru
82%
24 1.585.704 Uttar Pradesh Agra
77%
13 2.405.665 Maharashtra Nagpur
77%
17 1.798.218 Madhya Pradesh Bhopal
75%
12 2.765.348 Uttar Pradesh Kanpur
74%
19 1.683.200 Bihar Patna
74%
15 1.960.631 Madhya Pradesh Indore
73%
75 601.574 Kerala Kochi
67%
37 1.132.761 Punjab Amritsar
65%
23 1.601.438 Tamil Nadu Coimbatore
64%
33 1.201.815 Uttar Pradesh Varanasi
64%
48 960.787 Chandigarh Chandigarh
63%
44 1.033.918 Rajasthan Jodhpur
60%
34 1.192.792 Jammu and Kashmir Srinagar
58%
20 1.666.703 Gujarat Vadodara
58%
40 1.073.440 Jharkhand Ranchi
57%
39 1.117.094 Uttar Pradesh Allahabad
54%
25 1.561.129 Tamil Nadu Madurai
54%
45 1.010.087 Chhattisgarh Raipur
54%
22 1.613.878 Punjab Ludhiana
53%
30 1.286.995 Gujarat Rajkot
53%
55 887.446 Karnataka Mysore
51%
35 1.171.330 Maharashtra Aurangabad
50%
14 2.035.922 Andhra Pradesh Visakhapatnam
50%
26 1.486.973 Maharashtra Nashik
49%
47 963.429 Assam Guwahati
48%
72 625.697 Chhattisgarh Bhilai
47%
16 1.818.872 Maharashtra Thane
46%
43 1.053.505 Madhya Pradesh Gwalior
45%
29 1.309.023 Uttar Pradesh Meerut
45%
27 1.476.931 Andhra Pradesh Vijayawada
43%
28 1.404.653 Haryana Faridabad
42%
71 631.364 Jharkhand Jamshedpur
42%
46 1.001.694 Rajasthan Kota
42%
42 1.054.336 Madhya Pradesh Jabalpur
41%
92 503.690 Jammu and Kashmir Jammu
41%
61 831.038 Tamil Nadu Salem
41%
60 837.737 Odisha Bhubaneswar
40%
80 564.491 West Bengal Asansol
39%
94 499.486 Karnataka Mangalore
38%
58 872.575 Uttar Pradesh Aligarh
37%
21 1.636.068 Uttar Pradesh Ghaziabad
37%
38 1.119.477 Maharashtra Navi Mumbai
37%
49 957.730 Kerala Thiruvananthapuram
37%
78 578.420 Uttarakhand Dehradun
36%
51 943.857 Karnataka Hubballi-Dharwad
36%
70 642.381 Uttar Pradesh Noida
36%
50 951.118 Maharashtra Solapur
35%
73 606.007 Odisha Cuttack
34%
36 1.161.561 Jharkhand Dhanbad
34%
54 889.810 Uttar Pradesh Moradabad
34%
53 898.167 Uttar Pradesh Bareilly
33%
57 876.824 Haryana Gurgaon
33%
59 862.196 Punjab Jalandhar
33%
52 916.674 Tamil Nadu Tiruchirappalli
33%
83 549.283 Maharashtra Kolhapur
30%
63 811.844 Telangana Warangal
28%
84 542.580 Rajasthan Ajmer
27%
69 646.801 Maharashtra Amravati
27%
67 671.048 Uttar Pradesh Gorakhpur
27%
41 1.072.161 West Bengal Howrah
27%
89 509.709 West Bengal Siliguri
27%
68 647.804 Rajasthan Bikaner
26%
100 463.454 Bihar Gaya
26%
79 566.937 West Bengal Durgapur
25%
18 1.729.359 Maharashtra Pimpri-Chinchwad
25%
76 600.869 Andhra Pradesh Nellore
24%
87 515.215 Madhya Pradesh Ujjain
24%
64 743.354 Andhra Pradesh Guntur
23%
90 507.293 Uttar Pradesh Jhansi
23%
56 877.778 Tamil Nadu Tiruppur
23%
96 488.292 Karnataka Belgaum
21%
95 498.129 Tamil Nadu Erode
21%
86 529.308 Gujarat Jamnagar
21%
82 550.564 Maharashtra Nanded
20%
66 703.345 Uttar Pradesh Saharanpur
20%
77 593.768 Gujarat Bhavnagar
19%
98 473.637 Tamil Nadu Tirunelveli
18%
74 603.797 Uttar Pradesh Firozabad
17%
32 1.221.233 Maharashtra Vasai-Virar
17%
99 471.006 Maharashtra Malegaon
16%
62 814.655 Maharashtra Mira-Bhayandar
15%
91 506.937 Maharashtra Ulhasnagar
15%
65 711.329 Maharashtra Bhiwandi
14%
93 502.697 Maharashtra Sangli-Miraj & Kupwad
14%
88 512.296 Uttar Pradesh Loni
13%
81 552.970 Odisha Rourkela
13%
85 532.031 Karnataka Gulbarga
12%
97 478.134 Tamil Nadu Ambattur
11%
31 1.246.381 Maharashtra Kalyan-Dombivli
11%
No matching quizzes found
Score Distribution
Percent of People with Each Score
Percentile by Number Answered
Your Score History
You have not taken this quiz